[Event "XXVI Torneo Abierto de Collado"]
[Site "Collado Villalba"]
[Date "2010.08.20"]
[Round "1"]
[White "***Menendez Solar, Jose Carlos"]
[Black "Ponce Lopez, Miguel"]
[Result "1/2-1/2"]
[WhiteElo "1865"]
[BlackElo "2106"]
[PlyCount "54"]
[EventDate "2010.08.20"]
[EventRounds "9"]
[EventCountry "ESP"]

1. d4 Nf6 2. Nf3 g6 3. Bf4 Bg7 4. e3 O-O 5. Be2 d6 6. h3 Nbd7 7. Nbd2 b6 8. a4
c5 9. c3 Bb7 10. O-O cxd4 11. exd4 Nd5 12. Bh2 Rc8 13. Qb3 e5 14. Bc4 Ne7 15.
Rfe1 d5 16. Bb5 e4 17. Bxd7 Qxd7 18. Ne5 Qe6 19. f3 Bh6 20. Nf1 Nc6 21. Ng4 Bg7
22. fxe4 Na5 23. Qa2 Rfe8 24. exd5 Qxd5 25. Qxd5 Bxd5 26. Nd2 Nb3 27. Nxb3 Bxb3
1/2-1/2

[Event "XXVI Torneo Abierto de Collado"]
[Site "Collado Villalba"]
[Date "2010.08.20"]
[Round "1"]
[White "Lopez De Turiso, Jose Angel"]
[Black "Aguado Rodriguez, Guillermo"]
[Result "1-0"]
[WhiteElo "2101"]
[BlackElo "1845"]
[PlyCount "79"]
[EventDate "2010.08.20"]
[EventRounds "9"]
[EventCountry "ESP"]

1. Nf3 d5 2. c4 e6 3. d4 Nf6 4. Bg5 Be7 5. Nc3 O-O 6. e3 Nbd7 7. Qc2 b6 8. cxd5
exd5 9. Bd3 h6 10. Bf4 Bb7 11. h3 c5 12. O-O Rc8 13. Nb5 a6 14. Nd6 Bxd6 15.
Bxd6 cxd4 16. Qe2 Re8 17. Nxd4 Ne4 18. Bf4 Ndc5 19. Rac1 Qf6 20. Bb1 g5 21. Bh2
a5 22. Rfd1 Ba6 23. Qf3 Qxf3 24. gxf3 Nf6 25. Nf5 Na4 26. Nxh6+ Kg7 27. Nf5+
Kg8 28. Rxc8 Bxc8 29. Rd2 Be6 30. b3 Nc3 31. Bd3 b5 32. Be5 Bxf5 33. Bxc3 Bxd3
34. Rxd3 Nh7 35. Rxd5 b4 36. Bd4 Ra8 37. Bb6 a4 38. Rd8+ Rxd8 39. Bxd8 axb3 40.
axb3 1-0

[Event "XXVI Torneo Abierto de Collado"]
[Site "Collado Villalba"]
[Date "2010.08.20"]
[Round "1"]
[White "Gonzalo Gonzalez, Francisco"]
[Black "Castejon Caballero, Andres"]
[Result "0-1"]
[WhiteElo "1780"]
[BlackElo "2082"]
[PlyCount "66"]
[EventDate "2010.08.20"]
[EventRounds "9"]
[EventCountry "ESP"]

1. e4 c5 2. Nf3 Nc6 3. Bc4 e6 4. c3 d5 5. exd5 exd5 6. Qe2+ Be6 7. Bb5 h6 8.
Ne5 Nge7 9. O-O Qc7 10. f4 O-O-O 11. a4 Nxe5 12. fxe5 a6 13. Bd3 Nc6 14. Re1 g5
15. Qf2 Nxe5 16. Bf5 Bd6 17. d4 cxd4 18. cxd4 Nc6 19. Be3 Bxh2+ 20. Kh1 Bg3 21.
Bxe6+ fxe6 22. Qe2 Bxe1 23. Qxe1 Rhf8 24. b4 Nxb4 25. Na3 Nc6 26. Bg1 Rf4 27.
Qxe6+ Kb8 28. g3 Re4 29. Qf6 Qxg3 30. Bh2 Rh4 31. Ra2 Re8 32. Qf1 Rxh2+ 33.
Rxh2 Re1 0-1

[Event "XXVI Torneo Abierto de Collado"]
[Site "Collado Villalba"]
[Date "2010.08.20"]
[Round "1"]
[White "Davicce Canada, Juan Antonio"]
[Black "De Dompablo Fantova, Juan"]
[Result "1-0"]
[WhiteElo "2080"]
[BlackElo "1767"]
[PlyCount "72"]
[EventDate "2010.08.20"]
[EventRounds "9"]
[EventCountry "ESP"]

1. d4 Nf6 2. c4 g6 3. Nc3 Bg7 4. e4 d6 5. Nf3 O-O 6. Be2 e5 7. Be3 Nc6 8. d5
Ne7 9. Nd2 Nh5 10. Bxh5 gxh5 11. Qxh5 f5 12. Bg5 Qe8 13. Qxe8 Rxe8 14. Nb5 h6
15. Nxc7 hxg5 16. Nxe8 Bh6 17. Nxd6 fxe4 18. N2xe4 Nf5 19. Nxc8 Rxc8 20. c5 Nd4
21. O-O Nc2 22. Rab1 Nb4 23. d6 Rd8 24. a3 Nc6 25. b4 Kf7 26. Rfe1 Ke6 27. Rb3
Nd4 28. Rh3 Nf5 29. Rh5 g4 30. Ng3 Bd2 31. Re2 Nxg3 32. Rhxe5+ Kd7 33. Re7+ Kc6
34. Rc7+ Kb5 35. hxg3 Bc1 36. Rxb7+ Ka4 1-0

[Event "XXVI Torneo Abierto de Collado"]
[Site "Collado Villalba"]
[Date "2010.08.20"]
[Round "1"]
[White "Martin Martin, Luis Vicente"]
[Black "Fernandez Gil, Ruben Carlos"]
[Result "1-0"]
[WhiteElo "2067"]
[BlackElo "1721"]
[PlyCount "107"]
[EventDate "2010.08.20"]
[EventRounds "9"]
[EventCountry "ESP"]

1. d4 Nf6 2. Bf4 c5 3. e3 cxd4 4. exd4 d5 5. Nf3 Nc6 6. c3 Nh5 7. Be3 Nf6 8.
Bd3 e6 9. Nbd2 Bd6 10. O-O O-O 11. Bg5 Bd7 12. Re1 Be7 13. Ne5 Nxe5 14. dxe5
Ne8 15. Bxe7 Qxe7 16. Nf3 h6 17. Nd4 Qg5 18. g3 Nc7 19. f4 Qe7 20. Qh5 a6 21.
g4 Be8 22. Qh3 f6 23. exf6 Qxf6 24. Rf1 g5 25. fxg5 Qxg5 26. Rxf8+ Kxf8 27. Qg3
Rc8 28. Qd6+ Qe7 29. Rf1+ Bf7 30. Qe5 Ke8 31. Qh8+ Kd7 32. Qxh6 Rg8 33. h3 Rf8
34. Bg6 Ke8 35. Bxf7+ Rxf7 36. Qh5 Qf8 37. Kg2 Ke7 38. Rxf7+ Qxf7 39. Qxf7+
Kxf7 40. Kg3 e5 41. Nf5 Kf6 42. h4 Ne6 43. Nd6 b6 44. g5+ Kg6 45. Ne8 Kf5 46.
Nd6+ Kg6 47. Kg4 e4 48. h5+ Kg7 49. Nf5+ Kf7 50. Ne3 Nc7 51. Kf5 Kg7 52. Ke5
Kf7 53. g6+ Kg7 54. Nf5+ 1-0

[Event "XXVI Torneo Abierto de Collado"]
[Site "Collado Villalba"]
[Date "2010.08.20"]
[Round "1"]
[White "De La Rosa Bretin, Adrian"]
[Black "Cerrato Torrijos, Maria"]
[Result "0-1"]
[WhiteElo "1691"]
[BlackElo "2064"]
[PlyCount "53"]
[EventDate "2010.08.20"]
[EventRounds "9"]
[EventCountry "ESP"]

1. e4 c5 2. Nf3 d6 3. d4 cxd4 4. Nxd4 Nf6 5. Nc3 Nc6 6. Be3 Ng4 7. Bc4 Nxe3 8.
fxe3 e6 9. O-O Be7 10. Nxc6 bxc6 11. Qh5 O-O 12. Rf3 g6 13. Qg4 e5 14. Rf5 Kh8
15. Raf1 gxf5 16. exf5 d5 17. Bb3 Rg8 18. Qh5 Rg5 19. Qxf7 Qf8 20. Qxf8+ Bxf8
21. f6 Bc5 22. Nd1 Bg4 23. h4 Rh5 24. c3 Bxd1 25. Bxd1 Bxe3+ 26. Kh2 Rxh4+ 27.
Kg3 0-1

[Event "XXVI Torneo Abierto de Collado"]
[Site "Collado Villalba"]
[Date "2010.08.20"]
[Round "1"]
[White "Erice Alonso, Santiago"]
[Black "Garcia-Sanchez Navarro, Mariano"]
[Result "1-0"]
[WhiteElo "2060"]
[BlackElo "1606"]
[PlyCount "63"]
[EventDate "2010.08.20"]
[EventRounds "9"]
[EventCountry "ESP"]

1. e4 e5 2. f4 exf4 3. Nf3 Be7 4. Bc4 Bh4+ 5. Kf1 d6 6. d4 Bg5 7. c3 Bh6 8.
Nbd2 Bd7 9. Qb3 Qe7 10. Qxb7 Bc6 11. Qc8+ Qd8 12. Bxf7+ Ke7 13. Qxd8+ Kxd8 14.
e5 Ke7 15. Bc4 d5 16. Be2 g5 17. Nb3 Nd7 18. Na5 Nb8 19. Nxc6+ Nxc6 20. b3 Ke6
21. h4 g4 22. Ng5+ Ke7 23. Bxg4 Bxg5 24. hxg5 Rf8 25. Ba3+ Ke8 26. Bh5+ Kd8 27.
Bxf8 Nge7 28. Bg7 Rg8 29. Bf6 Kc8 30. Bf7 Rf8 31. Rxh7 Nf5 32. Be6+ 1-0

[Event "XXVI Torneo Abierto de Collado"]
[Site "Collado Villalba"]
[Date "2010.08.20"]
[Round "1"]
[White "Montoya Pecurul, Marc"]
[Black "Garcia Galeote, Lorenzo"]
[Result "0-1"]
[WhiteElo "1589"]
[BlackElo "2058"]
[PlyCount "82"]
[EventDate "2010.08.20"]
[EventRounds "9"]
[EventCountry "ESP"]

1. e4 g6 2. d4 Bg7 3. Nf3 d6 4. Be2 Nf6 5. Nc3 O-O 6. Be3 a6 7. O-O b5 8. a3
Bb7 9. Nd2 e5 10. f4 Ng4 11. Bxg4 exd4 12. Bxd4 Bxd4+ 13. Kh1 Nd7 14. Bf3 Re8
15. Re1 Nc5 16. Rb1 Bxc3 17. bxc3 Na4 18. Re3 Qf6 19. Qe1 Qxf4 20. c4 Bc6 21.
Rb4 a5 22. Rb1 Rab8 23. cxb5 Rxb5 24. Rxb5 Bxb5 25. Rb3 Bc6 26. Nf1 Nc5 27. Re3
a4 28. Ng3 f5 29. Nf1 Bxe4 30. Qb4 Qe5 31. Re1 Qd5 32. Ng3 Kg7 33. Kg1 Re5 34.
Nxe4 Nxe4 35. h3 Qc5+ 36. Qxc5 Rxc5 37. Bxe4 Re5 38. Kf2 Rxe4 39. Rxe4 fxe4 40.
Ke3 d5 41. c4 c6 0-1

[Event "XXVI Torneo Abierto de Collado"]
[Site "Collado Villalba"]
[Date "2010.08.20"]
[Round "1"]
[White "Lobato Lavin, Alvaro"]
[Black "Perez Ortego, Alberto"]
[Result "1-0"]
[WhiteElo "2044"]
[BlackElo "1589"]
[PlyCount "71"]
[EventDate "2010.08.20"]
[EventRounds "9"]
[EventCountry "ESP"]

1. e4 e5 2. Nf3 Nc6 3. Bb5 d6 4. d4 Bd7 5. O-O exd4 6. Nxd4 Nxd4 7. Bxd7+ Qxd7
8. Qxd4 Ne7 9. Nc3 Nc6 10. Qd3 O-O-O 11. Be3 Kb8 12. f4 a6 13. a3 g6 14. b4 Bg7
15. Rad1 Bxc3 16. Qxc3 Qe6 17. Rfe1 Rhe8 18. a4 Qe7 19. b5 axb5 20. axb5 Na7
21. Bxa7+ Kxa7 22. Qa5+ Kb8 23. Ra1 Kc8 24. Qa8+ Kd7 25. Qxb7 Qf6 26. Qc6+ Ke7
27. e5 Qxf4 28. exd6+ Kf8 29. dxc7 Rxe1+ 30. Rxe1 Qd4+ 31. Kh1 Qd2 32. cxd8=Q+
Qxd8 33. b6 Qd2 34. Qe8+ Kg7 35. Qe5+ Kg8 36. b7 1-0

[Event "XXVI Torneo Abierto de Collado"]
[Site "Collado Villalba"]
[Date "2010.08.21"]
[Round "2"]
[White "Roa Alonso, Santiago"]
[Black "Rodriguez De Castro, Ayar"]
[Result "1-0"]
[WhiteElo "2454"]
[BlackElo "2121"]
[PlyCount "57"]
[EventDate "2010.08.20"]
[EventRounds "9"]
[EventCountry "ESP"]

1. d4 d5 2. c4 e6 3. Nc3 Be7 4. Nf3 Nf6 5. Bg5 h6 6. Bh4 O-O 7. e3 b6 8. Qb3
Nc6 9. cxd5 Na5 10. Qc2 Nxd5 11. Nxd5 exd5 12. Bxe7 Qxe7 13. Rc1 Qb4+ 14. Qd2
Qd6 15. Qc3 Bf5 16. Ba6 c6 17. O-O Rfe8 18. Nd2 Bc8 19. Bd3 Bd7 20. e4 dxe4 21.
Bxe4 Rac8 22. b4 Nb7 23. Nc4 Qf4 24. Bf3 Be6 25. Ne5 Bd5 26. g3 Qg5 27. Bxd5
cxd5 28. Qxc8 Rxc8 29. Rxc8+ 1-0

[Event "XXVI Torneo Abierto de Collado"]
[Site "Collado Villalba"]
[Date "2010.08.21"]
[Round "2"]
[White "Kovacevic, Slobodan"]
[Black "Lopez De Turiso, Jose Angel"]
[Result "1/2-1/2"]
[WhiteElo "2392"]
[BlackElo "2101"]
[PlyCount "70"]
[EventDate "2010.08.20"]
[EventRounds "9"]
[EventCountry "ESP"]

1. d4 d6 2. Bf4 g6 3. Nf3 Bg7 4. e3 Nd7 5. h3 e5 6. Bh2 Ne7 7. Bc4 O-O 8. c3 a6
9. a4 Rb8 10. a5 b5 11. axb6 cxb6 12. dxe5 dxe5 13. Bxa6 Bxa6 14. Rxa6 Nc5 15.
Qxd8 Rfxd8 16. Ra2 f6 17. b4 Ne4 18. Nfd2 Nxd2 19. Rxd2 Rxd2 20. Kxd2 Ra8 21.
Rc1 Nd5 22. Kd3 b5 23. e4 Nb6 24. Kc2 Nc4 25. Kb3 Bh6 26. Rd1 Ra1 27. g4 Kf7
28. Bg1 Ke6 29. f3 f5 30. Bc5 fxe4 31. fxe4 Bg5 32. Rg1 Bh6 33. Rd1 Bg5 34. Rg1
Bh6 35. Rd1 Bg5 1/2-1/2

[Event "XXVI Torneo Abierto de Collado"]
[Site "Collado Villalba"]
[Date "2010.08.21"]
[Round "2"]
[White "Castejon Caballero, Andres"]
[Black "Elissalt Cardenas, Hector"]
[Result "1/2-1/2"]
[WhiteElo "2082"]
[BlackElo "2357"]
[PlyCount "55"]
[EventDate "2010.08.20"]
[EventRounds "9"]
[EventCountry "ESP"]

1. e4 d6 2. d4 Nf6 3. f3 Nbd7 4. c4 e5 5. Ne2 c6 6. Nbc3 a6 7. Be3 Be7 8. Qd2
O-O 9. d5 cxd5 10. Nxd5 Nxd5 11. cxd5 b5 12. a4 bxa4 13. Nc3 Nc5 14. Bxc5 dxc5
15. Bc4 Rb8 16. Rxa4 Rb4 17. b3 Bg5 18. Qd3 Qb6 19. O-O Rxb3 20. Kh1 Rb2 21.
Rb1 Rxb1+ 22. Qxb1 Qh6 23. Ne2 Bd2 24. Qa1 Qb6 25. Qxe5 Qb1+ 26. Ng1 Be3 27.
Qa1 Qc2 28. Qa2 1/2-1/2

[Event "XXVI Torneo Abierto de Collado"]
[Site "Collado Villalba"]
[Date "2010.08.21"]
[Round "2"]
[White "Cerrato Torrijos, Maria"]
[Black "Sanchez Gonzalez, Sergio"]
[Result "0-1"]
[WhiteElo "2064"]
[BlackElo "2311"]
[PlyCount "62"]
[EventDate "2010.08.20"]
[EventRounds "9"]
[EventCountry "ESP"]

1. e4 c5 2. Nc3 d6 3. Nf3 Nf6 4. d4 cxd4 5. Nxd4 e6 6. Be2 a6 7. O-O Qc7 8. Be3
b5 9. a3 Bb7 10. Bd3 Be7 11. f4 Nbd7 12. Kh1 O-O 13. Qf3 Nc5 14. Bg1 Rac8 15.
Rae1 Rfd8 16. Qg3 g6 17. e5 Nh5 18. Qg4 Nxd3 19. cxd3 dxe5 20. fxe5 Bc5 21.
Nce2 Rd5 22. b4 Bxd4 23. Bxd4 Qc2 24. Qf3 Rd7 25. Qe3 Qb3 26. Ra1 Rc2 27. Rf2
Ra2 28. Rxa2 Qxa2 29. Bc5 Qxa3 30. Bd6 Ng7 31. Qa7 Bxg2+ 0-1

[Event "XXVI Torneo Abierto de Collado"]
[Site "Collado Villalba"]
[Date "2010.08.21"]
[Round "2"]
[White "Sanchez Jerez, Emilio Miguel"]
[Black "Davicce Canada, Juan Antonio"]
[Result "1/2-1/2"]
[WhiteElo "2301"]
[BlackElo "2080"]
[PlyCount "83"]
[EventDate "2010.08.20"]
[EventRounds "9"]
[EventCountry "ESP"]

1. c4 Nf6 2. g3 c6 3. Bg2 d5 4. Nf3 g6 5. b3 Bg7 6. Bb2 Nbd7 7. O-O O-O 8. d3
Re8 9. cxd5 cxd5 10. Nc3 e5 11. Rc1 Nb8 12. b4 a6 13. Na4 Nc6 14. Nc5 Nd7 15.
Qa4 Qb6 16. Bc3 Nxc5 17. bxc5 Qxc5 18. Bxe5 Qb5 19. Qxb5 axb5 20. Bxg7 Kxg7 21.
Rc2 Bd7 22. d4 Ra4 23. e3 Rea8 24. Ne5 Nxe5 25. dxe5 Bc6 26. Rd1 Rxa2 27. Rxa2
Rxa2 28. Bxd5 Rc2 29. e4 Kf8 30. Kg2 Ke7 31. g4 h6 32. Rd3 b4 33. Rb3 Bxd5 34.
exd5 Rc4 35. h3 Re4 36. d6+ Kd7 37. Rf3 Rxe5 38. Rxf7+ Kxd6 39. Rxb7 Kc5 40. f4
Re6 41. Kf3 Rf6 42. Ke4 1/2-1/2

[Event "XXVI Torneo Abierto de Collado"]
[Site "Collado Villalba"]
[Date "2010.08.21"]
[Round "2"]
[White "Garcia Galeote, Lorenzo"]
[Black "Alcazar Jimenez, Jesus"]
[Result "0-1"]
[WhiteElo "2058"]
[BlackElo "2287"]
[PlyCount "120"]
[EventDate "2010.08.20"]
[EventRounds "9"]
[EventCountry "ESP"]

1. Nf3 Nf6 2. g3 g6 3. Bg2 Bg7 4. O-O O-O 5. d3 d5 6. Nbd2 c5 7. e4 Nc6 8. c3
h6 9. h3 e5 10. Qe2 Re8 11. Rd1 b6 12. c4 dxc4 13. dxc4 Ba6 14. b3 Qe7 15. Bb2
Rad8 16. Ne1 Bb7 17. f3 Nh5 18. Nf1 Nd4 19. Qf2 Rd7 20. Kh2 Red8 21. Ne3 f5 22.
Nd5 Qf7 23. Bxd4 exd4 24. f4 fxe4 25. Bxe4 Re8 26. Bf3 g5 27. Nd3 Re3 28. Nxe3
dxe3 29. Qxe3 gxf4 30. gxf4 Bxa1 31. Rxa1 Rxd3 32. Qxd3 Qxf4+ 33. Kg2 Qg3+ 34.
Kf1 Qxh3+ 35. Ke1 Qxf3 36. Qg6+ Ng7 37. Rd1 Qh1+ 38. Kd2 Qg2+ 39. Qxg2 Bxg2 40.
Ke3 h5 41. Rd8+ Kh7 42. Rd7 a5 43. Kf2 Be4 44. Rd6 Nf5 45. Rxb6 h4 46. Kg1 h3
47. Kh2 Bg2 48. Rb5 Ne3 49. Rxc5 Nf1+ 50. Kg1 Bf3 51. Kxf1 h2 52. Rh5+ Bxh5 53.
Kg2 Kg6 54. Kxh2 Kf5 55. Kg2 Ke4 56. Kf2 Kd4 57. Ke1 Kc3 58. c5 Bf3 59. a4 Kxb3
60. Kd2 Kb2 0-1

[Event "XXVI Torneo Abierto de Collado"]
[Site "Collado Villalba"]
[Date "2010.08.21"]
[Round "2"]
[White "Longa Yauca, Javier"]
[Black "Martin Martin, Luis Vicente"]
[Result "1-0"]
[WhiteElo "2285"]
[BlackElo "2067"]
[PlyCount "69"]
[EventDate "2010.08.20"]
[EventRounds "9"]
[EventCountry "ESP"]

1. e4 e6 2. d4 d5 3. Nd2 dxe4 4. Nxe4 Nd7 5. Nf3 Ngf6 6. Nxf6+ Nxf6 7. Bg5 h6
8. Bh4 c5 9. dxc5 Qa5+ 10. c3 Qxc5 11. Qb3 a6 12. Be2 Be7 13. O-O O-O 14. Nd2
Qc7 15. Bg3 Bd6 16. Bxd6 Qxd6 17. Nc4 Qc7 18. Nb6 Rb8 19. a4 Bd7 20. a5 Bc6 21.
c4 Qf4 22. Qe3 Qxe3 23. fxe3 Rfd8 24. Rfd1 Kf8 25. b4 Ke7 26. b5 Be4 27. bxa6
bxa6 28. c5 Bb7 29. Rxd8 Kxd8 30. Rc1 Kc7 31. c6 Ba8 32. Bf3 Nd5 33. Bxd5 exd5
34. Nxd5+ Kd6 35. c7 1-0

[Event "XXVI Torneo Abierto de Collado"]
[Site "Collado Villalba"]
[Date "2010.08.21"]
[Round "2"]
[White "Gomez Gonzalez, Javier"]
[Black "Ramirez Garcia, Jorge Alberto"]
[Result "0-1"]
[WhiteElo "2016"]
[BlackElo "2241"]
[PlyCount "67"]
[EventDate "2010.08.20"]
[EventRounds "9"]
[EventCountry "ESP"]

1. e4 e6 2. d4 d5 3. Nd2 c5 4. c3 Nc6 5. Ngf3 Nf6 6. e5 Nd7 7. Bd3 a6 8. O-O g5
9. dxc5 g4 10. Nd4 Ndxe5 11. N2b3 Nxd3 12. Nxc6 bxc6 13. Qxd3 e5 14. Be3 Bg7
15. Rfe1 O-O 16. Qd2 Qf6 17. Bg5 Qg6 18. Be7 Re8 19. Bd6 Bf5 20. Nc1 Bh6 21.
Qe2 Be4 22. Kh1 Qh5 23. Nd3 f6 24. Rf1 Kh8 25. f4 gxf3 26. gxf3 Rg8 27. Rf2 Bf5
28. Ne1 Rg6 29. Rg2 Bf4 30. Rxg6 hxg6 31. b4 Kg7 32. a4 Rh8 33. Ra2 Bxh2 34. f4
0-1

[Event "XXVI Torneo Abierto de Collado"]
[Site "Collado Villalba"]
[Date "2010.08.21"]
[Round "2"]
[White "Sanz Castillo, Santiago"]
[Black "Erice Alonso, Santiago"]
[Result "1-0"]
[WhiteElo "2228"]
[BlackElo "2060"]
[PlyCount "67"]
[EventDate "2010.08.20"]
[EventRounds "9"]
[EventCountry "ESP"]

1. c4 c6 2. e4 d5 3. exd5 cxd5 4. d4 Nf6 5. Nc3 Nc6 6. Nf3 Bg4 7. cxd5 Nxd5 8.
Qb3 Bxf3 9. gxf3 Nb6 10. d5 Nd4 11. Qd1 e5 12. f4 Bc5 13. Bg2 exf4 14. O-O f3
15. Re1+ Kf8 16. Bxf3 Qf6 17. Bg2 Bb4 18. Re4 Bxc3 19. bxc3 Nb5 20. Rf4 Qxc3
21. Rb1 Rc8 22. Bd2 Qc2 23. Bb4+ Kg8 24. d6 Qxd1+ 25. Rxd1 Rd8 26. Bxb7 f6 27.
Bc6 Nc7 28. Re4 Nc8 29. d7 Kf7 30. Bb7 Nb6 31. Re7+ Kg6 32. Be4+ f5 33. Rd6+
Kh5 34. Bf3+ 1-0

[Event "XXVI Torneo Abierto de Collado"]
[Site "Collado Villalba"]
[Date "2010.08.21"]
[Round "2"]
[White "Camarero Izquierdo, Juan C"]
[Black "Solaesa Navalpotro, Luis Julio"]
[Result "0-1"]
[WhiteElo "1939"]
[BlackElo "2227"]
[PlyCount "90"]
[EventDate "2010.08.20"]
[EventRounds "9"]
[EventCountry "ESP"]

1. e4 e5 2. Nf3 Nc6 3. d4 exd4 4. Nxd4 Bc5 5. Be3 Qf6 6. c3 Nge7 7. Bc4 Ne5 8.
Be2 Qg6 9. O-O O-O 10. Nf5 Nxf5 11. exf5 Qb6 12. Bxc5 Qxc5 13. Nd2 d5 14. Nb3
Qd6 15. f4 Qb6+ 16. Kh1 Nc4 17. Bxc4 dxc4 18. Nd2 Rd8 19. Qa4 Qxb2 20. Nxc4
Qxc3 21. Rac1 Qf6 22. Ne5 c6 23. g4 h5 24. Rcd1 Rxd1 25. Rxd1 hxg4 26. Nxg4
Qxf5 27. Rd8+ Kh7 28. Ne5 b5 29. Qd1 c5 30. Kg1 f6 31. Qd5 fxe5 32. Qxa8 Qb1+
33. Kf2 Qxa2+ 34. Ke1 Qb1+ 35. Rd1 Qb4+ 36. Rd2 Qb1+ 37. Kf2 Qf5 38. Qxa7 Qxf4+
39. Ke1 Qe3+ 40. Re2 Qg1+ 41. Kd2 Qd4+ 42. Ke1 Bg4 43. Ra2 Qe3+ 44. Kf1 Bh3+
45. Rg2 Qf3+ 0-1

[Event "XXVI Torneo Abierto de Collado"]
[Site "Collado Villalba"]
[Date "2010.08.21"]
[Round "2"]
[White "Madina Yadarola, Martin"]
[Black "Lobato Lavin, Alvaro"]
[Result "1-0"]
[WhiteElo "2226"]
[BlackElo "2044"]
[PlyCount "47"]
[EventDate "2010.08.20"]
[EventRounds "9"]
[EventCountry "ESP"]

1. e4 c5 2. Nc3 d6 3. g3 Nc6 4. Bg2 Nf6 5. Nge2 e6 6. O-O Be7 7. d4 cxd4 8.
Nxd4 Bd7 9. Ndb5 Qb8 10. Bf4 Ne5 11. a4 a6 12. Nd4 O-O 13. a5 Qc7 14. Nb3 Nc4
15. Bc1 Rad8 16. Qe1 Bc6 17. Qe2 d5 18. Bf4 e5 19. Bg5 Nxb2 20. exd5 Nxd5 21.
Nxd5 Bxd5 22. Bxe7 Qxe7 23. Bxd5 Rxd5 24. Rfb1 1-0

[Event "XXVI Torneo Abierto de Collado"]
[Site "Collado Villalba"]
[Date "2010.08.21"]
[Round "2"]
[White "Bolea Jover, Jose"]
[Black "Estrada Martinez, Cesar"]
[Result "0-1"]
[WhiteElo "1909"]
[BlackElo "2218"]
[PlyCount "91"]
[EventDate "2010.08.20"]
[EventRounds "9"]
[EventCountry "ESP"]

1. e4 c5 2. c3 g6 3. d4 cxd4 4. cxd4 d5 5. exd5 Nf6 6. Nc3 Nxd5 7. Nf3 Bg7 8.
Bc4 Nb6 9. Bb3 Nc6 10. Be3 Na5 11. h3 O-O 12. O-O Nxb3 13. Qxb3 Be6 14. Qd1 Nd5
15. Qd2 Nxe3 16. Qxe3 Bc4 17. Rfe1 e6 18. Ne5 Bd5 19. Rac1 Rc8 20. Red1 a6 21.
Qf4 Bc6 22. d5 exd5 23. Nxd5 Bxd5 24. Rxc8 Qxc8 25. Rxd5 Qe6 26. Qd4 Re8 27. f4
g5 28. Qd1 gxf4 29. Nf3 Qb6+ 30. Kh2 h6 31. Qa4 Qe6 32. Rd2 Qe4 33. Qd7 Re6 34.
Qd8+ Kh7 35. Qc7 Re7 36. Qd8 Bf6 37. Qd6 Re6 38. Qc7 Re7 39. Qd6 Kg7 40. b3 Qe3
41. Rc2 Bh4 42. Qd1 Bg3+ 43. Kh1 Qe6 44. Rd2 Rc7 45. Rd3 Qe7 46. Ng1 0-1

[Event "XXVI Torneo Abierto de Collado"]
[Site "Collado Villalba"]
[Date "2010.08.21"]
[Round "2"]
[White "Semprun Martinez, Fernando"]
[Black "Ojosnegros Martin, Angel"]
[Result "1-0"]
[WhiteElo "2159"]
[BlackElo "1408"]
[PlyCount "45"]
[EventDate "2010.08.20"]
[EventRounds "9"]
[EventCountry "ESP"]

1. e4 e6 2. d4 d5 3. Nc3 Nf6 4. e5 Nfd7 5. f4 c5 6. Nf3 Nc6 7. Be3 a6 8. Qd2
Qc7 9. dxc5 Bxc5 10. O-O-O Bxe3 11. Qxe3 O-O 12. h4 b5 13. Ng5 Nb6 14. Qd3 g6
15. h5 f5 16. hxg6 hxg6 17. Qh3 Qg7 18. Bd3 Ra7 19. Rh2 Re8 20. Rdh1 Kf8 21.
Nxb5 axb5 22. Bxb5 Rxa2 23. Qh8+ 1-0

[Event "XXVI Torneo Abierto de Collado"]
[Site "Collado Villalba"]
[Date "2010.08.21"]
[Round "2"]
[White "Rodriguez Del Moral, Angel"]
[Black "Garcia Salamero, Gabriel"]
[Result "0-1"]
[WhiteElo "1818"]
[BlackElo "2157"]
[PlyCount "84"]
[EventDate "2010.08.20"]
[EventRounds "9"]
[EventCountry "ESP"]

1. d4 Nf6 2. Nf3 d5 3. Bf4 e6 4. Nbd2 Bd6 5. Ne5 O-O 6. e3 b6 7. Bd3 Bb7 8. Rc1
c5 9. c3 Nc6 10. O-O Qc7 11. Ndf3 Ne4 12. Qc2 f6 13. Nxc6 Bxf4 14. exf4 Bxc6
15. g3 Rac8 16. Rfe1 Bb7 17. Qe2 c4 18. Bb1 b5 19. Nd2 Nxd2 20. Qxd2 Qd6 21.
Qe2 Rfe8 22. Qh5 h6 23. Re3 Bc6 24. Rce1 Kf8 25. Bg6 Re7 26. Qg4 Bd7 27. Qf3
Be8 28. f5 e5 29. dxe5 fxe5 30. Bxe8 Rcxe8 31. Rd1 d4 32. cxd4 exd4 33. Rxe7
Rxe7 34. Qg4 d3 35. Rd2 Re1+ 36. Kg2 Qd5+ 37. Kh3 Re5 38. Qf4 Rxf5 39. Qb8+ Kf7
40. Qxa7+ Kg6 41. f4 Qf3 42. Qb6+ Kh7 0-1

[Event "XXVI Torneo Abierto de Collado"]
[Site "Collado Villalba"]
[Date "2010.08.21"]
[Round "2"]
[White "Ananian, Arman"]
[Black "Labarta Gonzalez, Ivan B"]
[Result "0-1"]
[WhiteElo "1763"]
[BlackElo "2129"]
[PlyCount "92"]
[EventDate "2010.08.20"]
[EventRounds "9"]
[EventCountry "ESP"]

1. e4 c5 2. Nf3 e6 3. d4 cxd4 4. Nxd4 Nf6 5. Nc3 Nc6 6. Be3 Bb4 7. Bd3 d5 8.
Nxc6 bxc6 9. exd5 cxd5 10. O-O O-O 11. Ne2 Bd6 12. f4 Ng4 13. Bd4 Qh4 14. h3 e5
15. fxe5 Nxe5 16. Qe1 Qg5 17. Kh1 Bd7 18. Qf2 Rae8 19. Rad1 Ng4 20. Qe1 Ne3 21.
Qf2 Nxd1 22. Rxd1 a5 23. Bc3 a4 24. Bd2 Qh5 25. Rf1 Re6 26. Ng3 Qe5 27. Bf4
Qxf4 28. Qxf4 Bxf4 29. Rxf4 Re1+ 30. Kh2 g6 31. Rd4 Bc6 32. b3 a3 33. c4 Ra1
34. cxd5 Bd7 35. Ne4 Rd8 36. Nc3 Rc8 37. Bc4 Rc1 38. Ne4 Kg7 39. Rd2 Re8 40.
Nc5 Rd8 41. d6 Bc6 42. d7 Rb1 43. Rf2 Rb2 44. Rxf7+ Kh6 45. b4 Rxg2+ 46. Kh1
Rg4+ 0-1

[Event "XXVI Torneo Abierto de Collado"]
[Site "Collado Villalba"]
[Date "2010.08.21"]
[Round "2"]
[White "Perez Gonzalez, Jose Manuel"]
[Black "Sanchez Garcia, Manuel"]
[Result "1-0"]
[WhiteElo "2324"]
[BlackElo "2002"]
[PlyCount "59"]
[EventDate "2010.08.20"]
[EventRounds "9"]
[EventCountry "ESP"]

1. e4 c5 2. Nf3 d6 3. d4 cxd4 4. Nxd4 Nf6 5. Nc3 e6 6. Bc4 Be7 7. Be3 O-O 8.
Bb3 Na6 9. f4 Nc5 10. Qf3 a6 11. O-O Qc7 12. g4 d5 13. exd5 exd5 14. g5 Nfe4
15. Nxd5 Qd8 16. Bc4 Nd6 17. Nc6 bxc6 18. Nxe7+ Qxe7 19. Bxc5 Qc7 20. Bd3 f6
21. Rad1 Rd8 22. Qh5 f5 23. Bxd6 Qb6+ 24. Kg2 Be6 25. Be5 Bd5+ 26. Kg3 Qe3+ 27.
Rf3 Bxf3 28. Qxf3 Qb6 29. Bc4+ Kh8 30. Bxg7+ 1-0

[Event "XXVI Torneo Abierto de Collado"]
[Site "Collado Villalba"]
[Date "2010.08.21"]
[Round "2"]
[White "De La Fuente Gonzalez, Francisc"]
[Black "Ontanon Gomez, Pablo"]
[Result "1/2-1/2"]
[WhiteElo "2240"]
[BlackElo "2002"]
[PlyCount "65"]
[EventDate "2010.08.20"]
[EventRounds "9"]
[EventCountry "ESP"]

1. c4 Nf6 2. Nc3 c5 3. g3 d5 4. cxd5 Nxd5 5. Bg2 Nc7 6. Qa4+ Qd7 7. Qxd7+ Nxd7
8. Nf3 g6 9. d3 Bg7 10. O-O O-O 11. Bg5 Re8 12. Rac1 h6 13. Be3 b6 14. d4 Bb7
15. dxc5 Nxc5 16. Nd4 Bxg2 17. Kxg2 N7e6 18. Nc6 Nd8 19. Nb4 Ncb7 20. Rfd1 Nd6
21. Ncd5 Ne6 22. Na6 Rad8 23. Nac7 Nxc7 24. Rxc7 e6 25. Nc3 Bxc3 26. Rxc3 Nf5
27. Rxd8 Nxe3+ 28. Kf3 Rxd8 29. Kxe3 Rd7 30. b4 Kg7 31. a4 Kf6 32. f4 h5 33. h3
1/2-1/2